| 000 | 00625nam a22002057a 4500 | ||
|---|---|---|---|
| 003 | 0 | ||
| 005 | 20241122113121.0 | ||
| 008 | 241122b xxu||||| |||| 00| 0 eng d | ||
| 020 | _a9781266177330 | ||
| 050 |
_aQR 41.2 _b.C69 2024. |
||
| 100 |
_aCowan, Marjorie Kelly, _eauthor. |
||
| 245 |
_aMicrobiology : _ba systems approach / _cMarjorie Kelly Cowan, Heidi Smith. |
||
| 250 | _a7th ed. | ||
| 260 |
_aNew York, NY : _bMcGraw Hill LLC, _c2024. |
||
| 300 |
_axxxi, various pagination : _bcol. ill. ; _c28 cm. |
||
| 504 | _aIncludes index. | ||
| 650 | _aMicrobiology. | ||
| 700 |
_aSmith, Heidi, _eauthor. |
||
| 942 |
_2lcc _cBK |
||
| 999 |
_c366794 _d366794 |
||